000 00560cam a2200181 4500
008 091215n 000 0 eng u
020 _a0897666909
035 _a(Sirsi) a167996
040 _aCIP
050 _aQP 552 FIB 1991
245 _aThe Fibroblast Growth Factor Family/
_cedited by Andrew Baird and Michael Klagsbrun
260 _aNew York:
_bThe New York Academy of Sciences,
_c1991
300 _a515p.
504 _aIncludes Index
650 _aFibroblast growth factors - Congresses
700 _aBaird, Andrew
710 _aKlagsbrun, Michael
999 _c113226
_d113226